000
00335nam a2200145Ia 4500
008
260319s9999 xx 000 0 und d
020
_a
9.789386479e+012
082
_a
621.46
_b
CHI/E
100
_a
Chilikin,M
245
0
_a
Electric Drive
250
_a
1st Ed.
260
_a
New Delhi
_b
Medtech
_c
2018
300
_a
494p.
942
_c
BK
999
_c
51043
_d
51043